Estudio de prefactibilidad de recolección, tratamiento y descarga final de las aguas residuales de la ciudad de Santa Cruz.
Spremljeno u:
| Glavni autor: | |
|---|---|
| Format: | Knjiga |
| Izdano: |
San José, Costa Rica
1990
|
| Teme: | |
| Oznake: |
Dodaj oznaku
Bez oznaka, Budi prvi tko označuje ovaj zapis!
|
MARC
| LEADER | 00000nam a2200000Ia 4500 | ||
|---|---|---|---|
| 003 | 004856 | ||
| 005 | 20221231144336.0 | ||
| 008 | 140114s1990 cr a m 000 ||s d | ||
| 040 | |c cru CEDI | ||
| 090 | |a TFG 2259 | ||
| 100 | |a Chaves Brenes, Liliana |9 13193 | ||
| 245 | |a Estudio de prefactibilidad de recolección, tratamiento y descarga final de las aguas residuales de la ciudad de Santa Cruz. | ||
| 260 | |c 1990 |a San José, Costa Rica | ||
| 300 | |a xviii, [182] hojas : ilustraciones (algunas a color, plegables) ; 28 cm. | ||
| 500 | |a Proyecto de graduación (licenciatura en ingeniería civil)--Universidad de Costa Rica. Facultad de Ingeniería. Escuela de Ingeniería Civil | ||
| 650 | |x DISPOSICION DE AGUAS RESIDUALES - SANTA CRUZ (GUANACASTE, COSTA RICA) |x ALCANTARILLADO - SANTA CRUZ (GUANACASTE, COSTA RICA) |9 13194 | ||
| 942 | |c TFG |2 ddc | ||
| 999 | |c 20443 |d 20443 | ||
